FINANCIAL MANAGEMENT (Record no. 29958)
[ view plain ]
| 000 -LEADER | |
|---|---|
| fixed length control field | 00236nam a2200109Ia 4500 |
| 008 - FIXED-LENGTH DATA ELEMENTS--GENERAL INFORMATION | |
| fixed length control field | 170620s9999 xx 000 0 und d |
| 100 ## - MAIN ENTRY--PERSONAL NAME | |
| Personal name | CHANDRA- PRASANNA |
| 245 #0 - TITLE STATEMENT | |
| Title | FINANCIAL MANAGEMENT |
| 260 ## - PUBLICATION, DISTRIBUTION, ETC. | |
| Name of publisher, distributor, etc. | TMH |
| 260 ## - PUBLICATION, DISTRIBUTION, ETC. | |
| Date of publication, distribution, etc. | 2011 |
| 300 ## - PHYSICAL DESCRIPTION | |
| Extent | 1062 |
| 546 ## - LANGUAGE NOTE | |
| Language note | ENGLISH |
No items available.

